000 00503nam a2200157 4500
001 143440
003 ES-MaACL
005 20230906200819.0
007 t|
008 070214s1967 mx r ||||1| spa d
100 1 _aSerrano de Tornel, Emilia.
_9105751
245 1 0 _aMéxico y sus gobernantes de 1519 a 1910
_b: biografías, retratos y autógrafos /
_cBaronesa de Wilson [seud.].
260 _aMéxico :
_bEd. Nacional,
_c1967.
300 _a2 v. ;
_c17 cm.
852 _aES-MaACL
_jE-10093-94
_bR.94096
999 _c143440
_d143440